000
00308nam a2200133Ia 4500
008
240624s9999 xx 000 0 und d
041
_a
eng
082
_a
823 LUD
100
_a
LUDLUM ROBERT
245
_a
BOURNE IDENTITY
260
_c
2010
_a
New Delhi
_b
Orion
300
_a
566 : p. : cm. ; 19
365
_c
RS
999
_c
28724
_d
28724